Statistics for 1M Cities Starting with T

Click here to take the quiz!

General Stats

  • This quiz has been taken 253 times
  • The average score is 17 of 31

Answer Stats

CityCountry% Correct
TehranIran
99%
TaipeiTaiwan
98%
TunisTunisia
98%
TorontoCanada
97%
TripoliLibya
95%
Tel Aviv-JaffaIsrael
94%
TurinItaly
94%
TashkentUzbekistan
92%
TbilisiGeorgia
90%
ToulouseFrance
89%
TokyoJapan
85%
TegucigalpaHonduras
80%
TianjinChina
77%
TijuanaMexico
77%
TampaUnited States
68%
TangierMorocco
63%
TabrizIran
42%
TaiyuanChina
41%
TolucaMexico
39%
TaichungTaiwan
36%
TainanTaiwan
33%
TaizhouChina
22%
TorreónMexico
21%
TangshanChina
20%
TeresinaBrazil
19%
ToubaSenegal
18%
Tai'anChina
15%
TiruchirappalliIndia
13%
TiruppurIndia
12%
TengzhouChina
10%
The RuhrGermany
6%

Score Distribution

Percentile by Number Answered

Percent of People with Each Score

Your Score History

You have not taken this quiz